Preparing A Building Service Life Plan For Green Buildingd (Record no. 355764)

MARC details
000 -LEADER
fixed length control field 00581nam a22001817a 4500
005 - DATE AND TIME OF LATEST TRANSACTION
control field 20230914161010.0
008 - FIXED-LENGTH DATA ELEMENTS--GENERAL INFORMATION
fixed length control field 230810b |||||||| |||| 00| 0 eng d
020 ## - INTERNATIONAL STANDARD BOOK NUMBER
International Standard Book Number 9780071 834421
041 ## - LANGUAGE CODE
Language code of text/sound track or separate title eng
082 ## - DEWEY DECIMAL CLASSIFICATION NUMBER
Classification number 729.24
Item number MEA
100 ## - MAIN ENTRY--PERSONAL NAME
Author Meadows D
245 ## - TITLE STATEMENT
Title Preparing A Building Service Life Plan For Green Buildingd
260 ## - PUBLICATION, DISTRIBUTION, ETC.
Place of publication, distribution, etc. New Delhi
Name of publisher, distributor, etc. Mc Graw Hill
Date of publication, distribution, etc. 2014
300 ## - PHYSICAL DESCRIPTION
Extent 144p
Other physical details Hb
Dimensions 23.5 x 15.5
365 ## - TRADE PRICE
Price type code INR
Price amount 3335.72
Currency code Rupaye
500 ## - GENERAL NOTE
Keywords Building Service Life Plan<br/>Building Identification <br/>BSLP General<br/>BSLP Major Building Elements
942 ## - ADDED ENTRY ELEMENTS (KOHA)
Koha item type Books
Holdings
Withdrawn status Lost status Source of classification or shelving scheme Damaged status Not for loan Collection code Home library Current library Date acquired Vendor Budget Code Net Price Bill number Total Checkouts Full call number Barcode Date last seen Date last checked out Discount Actual Price Bill Date Koha item type Original Barcode
    Dewey Decimal Classification     Book of Digital Architecture Dr. Bhanuben Nanavati College of Architecture Dr. Bhanuben Nanavati College of Architecture 10/08/2023 Word Book Shop B Arch 3335.72 802 1 729.24 MEA BNCA-BK-12244 25/09/2025 19/09/2025 37% 5294.80 10/08/2023 Reference book BK12244